|
|
|
|
| LEADER |
00000nab a2200000 a 4500 |
| 001 |
vtls000898862 |
| 003 |
SK-MaSNL |
| 005 |
20260302174851.0 |
| 008 |
040720e19981028xo 0 slo |
| 035 |
|
|
|a KE7868
|
| 040 |
|
|
|a KEVKJB
|b slo
|c KEVKJB
|e AACR2
|
| 041 |
0 |
|
|a slo
|
| 044 |
|
|
|a xo
|c SK
|
| 080 |
|
|
|a 796.015.52
|2 1981
|
| 080 |
|
|
|a 929
|2 1981
|
| 100 |
1 |
|
|a Tóth, Tomáš
|4 aut
|9 822529
|
| 245 |
1 |
0 |
|a Hlavu mala pod gilotínou
|b Absolútna majsterka sveta vo fitness, postupujúca na MISS Fitness Olympia Marietta Žigalová pre Košický večer
|
| 300 |
|
|
|b 1 foto
|
| 590 |
|
|
|a Žigalová, Marietta
|b fitnesska, majsterka Európy, sveta
|
| 600 |
1 |
7 |
|a Žigalová, Marietta,
|d 1968-
|2 KEVKJB
|9 14376
|
| 650 |
0 |
7 |
|a fitnes
|2 KEVKJB
|9 31481
|
| 650 |
0 |
7 |
|a rozhovory profilové
|2 KEVKJB
|9 873258
|
| 651 |
|
7 |
|a Košice (Slovensko)
|2 KEVKJB
|9 18694
|
| 651 |
|
7 |
|a KE,
|2 KEVKJB
|9 877256
|
| 655 |
|
7 |
|a periodikum
|2 snkbucl
|9 29553
|
| 700 |
1 |
0 |
|a Žigalová, Marietta,
|d 1968-
|4 aut
|9 14376
|
| 773 |
0 |
8 |
|t Košický večer
|g Roč. 9
|g Roč. 30, č.207, 28.10.1998, s. 8
|
| 852 |
|
|
|a ZVYKNI
|b KIS3GCP
|
| 999 |
|
|
|c 1405280
|d 1407210
|